000117822 001__ 117822
000117822 005__ 20220725102149.0
000117822 037__ $$aTAZ-TFG-2022-1559
000117822 041__ $$aeng
000117822 1001_ $$aFuertes Pablo, Emma
000117822 24200 $$aThe Trauma They Carry: Representations of PTSD Through War Literature of the 20th Century.
000117822 24500 $$aEl trauma que llevaban los hombres que lucharon: las representaciones del trastorno de estrés postraumático a través de la literatura del siglo XX.
000117822 260__ $$aZaragoza$$bUniversidad de Zaragoza$$c2022
000117822 506__ $$aby-nc-sa$$bCreative Commons$$c3.0$$uhttp://creativecommons.org/licenses/by-nc-sa/3.0/
000117822 520__ $$aAbstract: This dissertation aims to demonstrate how trauma and the traumatic experience of war act as a link between the literature of the 20th century of different countries and cultures. Scilicet, it intends to show how this trauma creates a bond between people regardless of their generational, geographical, or historical borders. To show this connection, this essay focusses on a selection of World War I poems written by Wilfred Owen and Tim O’Brien’s collection of short stories, The Things they Carried, that portrays the aftereffects of the Vietnam War.<br />Resumen: Este trabajo de fin de grado busca demostrar cómo el trauma y la experiencia traumática de la guerra actúan como nexo entre la literatura del siglo XX de diferentes países y culturas, que representan el trauma y el trastorno de estrés postraumático de forma similar. De esta forma, el ensayo presenta al trauma como punto de unión entre los seres humanos sin tener en cuenta las fronteras generacionales, geográficas o históricas. Para exponer esta conexión, este ensayo se centra en una selección de poemas de la Primera Guerra Mundial escritos por Wilfred Owen y en la colección de historias breves de Tim O'Brien, The Things they Carried, que narra las secuelas de la guerra de Vietnam.<br />
000117822 521__ $$aGraduado en Estudios Ingleses
000117822 540__ $$aDerechos regulados por licencia Creative Commons
000117822 700__ $$aCalvo Pascual, Mónica$$edir.
000117822 7102_ $$aUniversidad de Zaragoza$$bFilología Inglesa y Alemana$$cFilología Inglesa
000117822 8560_ $$f775893@unizar.es
000117822 8564_ $$s311172$$uhttps://zaguan.unizar.es/record/117822/files/TAZ-TFG-2022-1559.pdf$$yMemoria (eng)
000117822 909CO $$ooai:zaguan.unizar.es:117822$$pdriver$$ptrabajos-fin-grado
000117822 950__ $$a
000117822 951__ $$adeposita:2022-07-25
000117822 980__ $$aTAZ$$bTFG$$cFFYL
000117822 999__ $$a20220617155731.CREATION_DATE